| 000 | 00357nam a22001337a 4500 | ||
|---|---|---|---|
| 020 | _a81 7812 250 2 | ||
| 082 |
_a025.76 _bGUP/PO |
||
| 100 |
_aGupta R _91571 |
||
| 245 | _aPopular Master Guide U G C Junior Research Fellowship and Lectureship Exam | ||
| 250 | _a2012 edition | ||
| 260 |
_aNew Delhi _bRamesh Publishing House |
||
| 300 | _a702 | ||
| 942 | _cREF | ||
| 999 |
_c13834 _d13834 |
||